UBT Library

A dictionary of literary terms and literary theory / (Record no. 39025)

000 -LEADER
fixed length control field 00639cam a2200217 a 4500
001 - CONTROL NUMBER
control field 4363411
005 - DATE AND TIME OF LATEST TRANSACTION
control field 20171215080928.0
008 - FIXED-LENGTH DATA ELEMENTS--GENERAL INFORMATION
fixed length control field 900920s1991 enk d 000 0 eng
010 ## - LIBRARY OF CONGRESS CONTROL NUMBER
LC control number 90049943
020 ## - INTERNATIONAL STANDARD BOOK NUMBER
International Standard Book Number 0631172149
040 ## - CATALOGING SOURCE
Original cataloging agency DLC
Transcribing agency DLC
Modifying agency DLC
041 ## - LANGUAGE CODE
Language code of text/sound track or separate title eng
080 ## - UNIVERSAL DECIMAL CLASSIFICATION NUMBER
Universal Decimal Classification number 803 CUD
082 00 - DEWEY DECIMAL CLASSIFICATION NUMBER
Classification number 803 CUD
Edition number 20
100 1# - Rafti
Rafti 20
101 ## - Shkurtesa
Shkurtesa GJUH
245 12 - TITLE STATEMENT
Title A dictionary of literary terms and literary theory /
Statement of responsibility, etc J.A. Cuddon.
906 ## - LOCAL DATA ELEMENT F, LDF (RLIN)
a 7
b cbc
c orignew
d 1
e ocip
f 19
g y-gencatlg
942 ## - ADDED ENTRY ELEMENTS (KOHA)
Source of classification or shelving scheme
Item type Books
Holdings
Withdrawn status Lost status Source of classification or shelving scheme Damaged status Not for loan Permanent location Current location Date acquired Total Checkouts Full call number Barcode Date last seen Price effective from Koha item type Collection code Shelving location
          UBT - Lipjan UBT - Lipjan 12/15/2017   803 CUD 002-2939515 12/15/2017 12/15/2017 Books    
          UBT - Lipjan UBT - Lipjan 03/02/2021   038 CUD 002-6000538 03/02/2021 03/02/2021 Books Koleksioni i përgjithshem Koleksioni i përgjithshem
UBT Library © 2015-2024. All rights reserved University Education for Business and Technology